01191nam a2200289Ia 4500001001200000003000800012006001900020007001500039008004100054010001700095020001500112020001800127040002100145035002100166050002200187100002600209245014200235260004800377300002400425504006400449533015200513650002800665650003600693655002900729710001700758856012600775ebr10278958CaPaEBRm u cr cn|||||||||940506s1995 nyua sb 001 0 eng d z 94020270  z0195089901 z9780195089905 aCaPaEBRcCaPaEBR a(OCoLC)25260694414aHG297b.G3 1995eb1 aGallarotti, Giulio M.14aThe anatomy of an international monetary regimeh[electronic resource] :bthe classical gold standard, 1880-1914 /cGiulio M. Gallarotti. aNew York :bOxford University Press,c1995. axii, 347 p. :bill. aIncludes bibliographical references (p. 325-340) and index. aElectronic reproduction.bPalo Alto, Calif. :cebrary,d2009.nAvailable via World Wide Web.nAccess may be limited to ebrary affiliated libraries. 0aGold standardxHistory. 0aInternational financexHistory. 7aElectronic books.2local2 aebrary, Inc.40uhttp://site.ebrary.com/lib/rucke/Doc?id=10278958zAn electronic book accessible through the World Wide Web; click to view